000 00919nam a2200277 a 4500
001 000013094
003 OSt
005 20250129121827.0
008 091120s1980 dr 001 f spa d
040 _aDO-SdBNP
_bspa
_cBNPHU
082 _aRD863.44
_bS714c
100 1 _aSoriano, Claudio,
_d1938-
_926905
245 1 0 _aCiclos de nuestro origen /
_cClaudio Soriano ; edición Freddy Gatón Arce.
260 _aSanto Domingo :
_bTaller,
_c1980.
300 _a138 p. ;
_c23 cm.
490 1 _aLiteratura
_v3
500 _aIncluye datos biográficos del autor en la solapa de la cubierta.
586 _aPremio Siboney en Literatura, 1980
590 _aInventariado, 2020 / DG
650 0 _aNovela dominicana
_9223
650 0 _aLiteratura dominicana.
_967
700 1 _aGatón Arce, Freddy,
_d1920-1994
_eed.
_97946
830 0 _aLiteratura
_n3
_920923
910 _aValidado. Control de calidad EMS
942 _2ddc
_cLF1
999 _c12736
_d12736